| Tag |
First Indicator |
Second Indicator |
Subfields |
| LEADER |
00000cam a2200000 a 4500 |
| 001 |
in00002563813 |
| 005 |
20151201114900.0 |
| 008 |
090824s2010 caua b 001 0 eng c |
| 010 |
|
|
|a 2009035120
|
| 020 |
|
|
|a 9780804763578 (cloth : alk. paper)
|
| 020 |
|
|
|a 0804763577 (cloth : alk. paper)
|
| 035 |
|
|
|a (OCoLC)ocn434439368
|
| 035 |
|
|
|a (OCoLC)434439368
|
| 040 |
|
|
|a CSt/DLC
|c DLC
|d YDX
|d YDXCP
|d UtOrBLW
|
| 042 |
|
|
|a pcc
|
| 049 |
|
|
|a TXAM
|
| 050 |
0 |
0 |
|a HQ1075
|b .D59 2010
|
| 082 |
0 |
0 |
|a 306.3/615
|2 22
|
| 245 |
0 |
0 |
|a Dividing the domestic :
|b men, women, and household work in cross-national perspective /
|c edited by Judith Treas and Sonja Drobnič.
|
| 264 |
|
1 |
|a Stanford, Calif. :
|b Stanford University Press,
|c [2010]
|
| 264 |
|
4 |
|c ©2010
|
| 300 |
|
|
|a xv, 261 pages :
|b illustrations ;
|c 25 cm.
|
| 336 |
|
|
|a text
|b txt
|2 rdacontent
|
| 337 |
|
|
|a unmediated
|b n
|2 rdamedia
|
| 338 |
|
|
|a volume
|b nc
|2 rdacarrier
|
| 490 |
1 |
|
|a Studies in social inequality
|
| 504 |
|
|
|a Includes bibliographical references and index.
|
| 505 |
0 |
|
|a Why study housework? / Judith Treas -- Trends in housework / Liana C. Sayer -- Women's employment and housework / Tanja van der Lippe -- The politics of housework / Lynn Prince Cooke -- Can state policies produce equality in housework? / Shirley Dex -- Economic inequality and housework / Sanjiv Gupta ... [et al.] -- Cultural and institutional contexts / Birgit Pfau-Effinger -- Beliefs about maternal employment / Maria Charles and Erin Cech -- The institution of marriage / Carrie Yodanis -- Pair relationships and housework / Karl Alexander Röhler and Johannes Huinink -- Men's and women's reports about housework / Claudia Geist -- Concluding thoughts on the societal context of housework / Sonja Drobnič.
|
| 650 |
|
0 |
|a Sex role
|v Cross-cultural studies.
|
| 650 |
|
0 |
|a Sexual division of labor
|v Cross-cultural studies.
|
| 650 |
|
0 |
|a Housekeeping
|x Social aspects
|v Cross-cultural studies.
|
| 700 |
1 |
|
|a Treas, Judith.
|
| 700 |
1 |
|
|a Drobnič, Sonja.
|
| 830 |
|
0 |
|a Studies in social inequality.
|
| 938 |
|
|
|a YBP Library Services
|b YANK
|n 3141524
|
| 945 |
|
|
|a PromptCat
|b 945760
|
| 946 |
|
|
|a stk
|
| 947 |
|
|
|a A14840259824
|
| 994 |
|
|
|a 92
|b TXA
|
| 948 |
|
|
|a cataloged
|b h
|d 2010/4/12
|h c
|e asalazar
|f 4:05:10 pm
|
| 999 |
|
|
|a MARS
|
| 999 |
f |
f |
|s ff64bc1c-0f29-3e2e-bc2d-1781cb0e48a9
|i 3db29813-f470-3735-82bd-f1a52c6434a1
|t 0
|
| 952 |
f |
f |
|p ric
|a Texas A&M University
|b Rellis Campus
|c Joint Library Facility
|d Remote Storage
|t 0
|e HQ1075 .D59 2010
|h Library of Congress classification
|i unmediated -- volume
|m A14840259824
|
| 998 |
f |
f |
|a HQ1075 .D59 2010
|t 0
|l Remote Storage
|